LEADER 00869cam0-2200313---450- 001 990004642540403321 005 20080911091822.0 035 $a000464254 035 $aFED01000464254 035 $a(Aleph)000464254FED01 035 $a000464254 100 $a19990604d1936----km-y0itay50------ba 101 0 $aita 102 $aIT 105 $ay-------001yy 200 1 $aBreve storia della Russia$elinee generali$fNicola Ottokar 210 $aBari$cLaterza$d1936 215 $a419 p.$d21 cm 225 1 $aBiblioteca di cultura moderna$v283 610 0 $aRussia$aStoria 676 $a947 700 1$aOttokar,$bNicolaj Petrovic$f<1884-1957>$0138461 801 0$aIT$bUNINA$gRICA$2UNIMARC 901 $aBK 912 $a990004642540403321 952 $a947 OTT 1$bBibl.14063$fFLFBC 959 $aFLFBC 996 $aBreve storia della Russia$9504156 997 $aUNINA LEADER 00957nam0-22003491i-450- 001 990001488700403321 005 20090716160106.0 010 $a0-07-113800-5 035 $a000148870 035 $aFED01000148870 035 $a(Aleph)000148870FED01 035 $a000148870 100 $a20020114d1994----km-y0itay50------ba 101 0 $aeng 102 $aUS 105 $aa---a---001yy 200 1 $aParallel computing$etheory and practice$fMichael J. Quinn 205 $a2nd ed. 210 $aNew York$cMcGraw-Hill$dc1994 215 $axvii, 446 p.$cill.$d24 cm 225 1 $aMcGraw-Hill Series in Computer Science 305 $aInternational edition 610 0 $aProcessi paralleli 676 $a004.35 700 1$aQuinn,$bMichael J.$066209 801 0$aIT$bUNINA$gRICA$2UNIMARC 901 $aBK 912 $a990001488700403321 952 $a004.35-QUI-1$b1225$fSC1 959 $aSC1 996 $aParallel computing$9377945 997 $aUNINA LEADER 01676nam 2200397Ia 450 001 996395400203316 005 20210104171444.0 035 $a(CKB)3810000000017625 035 $a(EEBO)2248534370 035 $a(OCoLC)ocn751969745e 035 $a(OCoLC)751969745 035 $a(EXLCZ)993810000000017625 100 $a20110912d1638 uy 0 101 0 $aeng 135 $aurbn||||a|bb| 200 10$aAggrauation of [brace] sinne: and sinning against [brace] knowledge. Mercie$b[electronic resource] /$fDelivered in seuerall sermons vpon diuers occasions. By Tho: Goodvvin. B.D. 210 $aLondon, $cPrinted by M.F[lesher] for R. Dawlman, and are to be sold at the Brazen Serpent in Pauls Churchyard.$d1638. 215 $a[8], 55 p 300 $aPrinter's name suggested by STC (2nd ed.). 300 $a"Aggravation of sinne" has special t.p. with imprint: London, Printed by M.F. for Iohn Rothwell, and are to be sold at the Signe of the Sun in Pauls Church-yard. 1638. Register is continuous. 300 $aSignatures: A⁴ B-C¹² D⁴. 300 $aImperfect: tightly bound with some loss of text. 300 $aReproduction of original in: Cambridge University Library. 330 $aeebo-0021 606 $aChristian life$zEngland$vEarly works to 1800 606 $aSin$xChristianity$vEarly works to 1800 615 0$aChristian life 615 0$aSin$xChristianity 700 $aGoodwin$b Thomas$f1600-1680.$01001156 801 0$bUMI 801 1$bUMI 801 2$bUMI 906 $aBOOK 912 $a996395400203316 996 $aAggrauation of sinne: and sinning against brace knowledge. Mercie$92350858 997 $aUNISA